| 000 | 00384nam a22001337a 4500 | ||
|---|---|---|---|
| 999 |
_c3762 _d3762 |
||
| 003 | GBCCL | ||
| 005 | 20241126110503.0 | ||
| 008 | 171208b xxu||||| |||| 00| 0 eng d | ||
| 040 | _cgbc | ||
| 245 |
_aThe Book of the Prophet Isaiah: _bChapters XL. - LXVI / _cEdited by J. Skinner |
||
| 260 |
_aCambridge: _bCambridge University Press, _c1906 |
||
| 300 |
_a251 p.; _c18 cm. |
||
| 942 |
_2ddc _cBK |
||